[Event "TE.2005.S.02002"]
[Site "IECG"]
[Date "2007.12.08"]
[Round "1"]
[White "Pott, Brian"]
[Black "Pintor, Manuel"]
[Result "0-1"]
[WhiteElo "1941"]
[BlackElo "2233"]
[PlyCount "50"]
[EventDate "2007.12.08"]
[EventType "tourn (corr)"]
[SourceTitle "OM Corr 202003"]
[Source "Opening Master"]
[SourceDate "2019.05.30"]
[SourceVersion "2"]
[SourceVersionDate "2019.05.30"]
[SourceQuality "1"]

1. e4 e5 2. Nf3 Nc6 3. c3 d5 4. Qa4 f6 5. Bb5 Nge7 6. exd5 Qxd5 7. d4 e4 8. c4
Qd7 9. Nfd2 Qxd4 10. Nb3 Qe5 11. Nc3 a6 12. Nd5 axb5 13. Qxa8 bxc4 14. Nxe7
Nxe7 15. Nd2 c3 16. Nc4 Qd4 17. b3 c2 18. Bb2 Qd3 19. Ne3 Kf7 20. Qa5 Nc6 21.
Qh5+ g6 22. Qd5+ Qxd5 23. Nxd5 Nb4 24. Nxb4 Bxb4+ 25. Ke2 Rd8 0-1

[Event "TE.2005.S.02001"]
[Site "IECG"]
[Date "2007.12.08"]
[Round "1"]
[White "Pedro, Fernando Pablo"]
[Black "Bertel, Michael"]
[Result "1-0"]
[WhiteElo "1963"]
[BlackElo "1808"]
[PlyCount "101"]
[EventDate "2007.??.??"]

1. e4 e5 2. Nf3 Nc6 3. c3 d5 4. Qa4 Bd7 5. exd5 Nd4 6. Qd1 Nxf3+ 7. Qxf3 Qf6 8.
Be2 O-O-O 9. d3 Qxf3 10. gxf3 Ne7 11. c4 Nf5 12. Nc3 Nd4 13. Rb1 Re8 14. Be3
Kb8 15. Kd2 h6 16. f4 Nxe2 17. Nxe2 exf4 18. Bxf4 g5 19. Be3 Bd6 20. h4 gxh4
21. Rxh4 h5 22. Nf4 Bg4 23. Nxh5 Bf3 24. Nf6 Rxh4 25. Nxe8 Be5 26. Re1 Kc8 27.
Bg5 Bf4+ 28. Bxf4 Rxf4 29. Re7 Kd8 30. Ke3 Kxe7 31. Kxf4 Be2 32. Ke3 Bxd3 33.
Kxd3 Kxe8 34. b4 Ke7 35. Ke4 Kf6 36. c5 b6 37. cxb6 cxb6 38. b5 Ke7 39. Ke5 f6+
40. Kf5 Kd6 41. Kxf6 Kxd5 42. f4 Kc5 43. f5 Kxb5 44. Ke5 Kc6 45. Ke6 Kb5 46. f6
Ka4 47. f7 Ka3 48. f8=Q+ Kxa2 49. Qb4 b5 50. Ke5 a5 51. Qxb5 1-0

[Event "TE.2005.S.02003"]
[Site "IECG"]
[Date "2007.12.08"]
[Round "1"]
[White "Malmstroem, Jan"]
[Black "Balmelle, Jean Luc"]
[Result "1-0"]
[WhiteElo "1849"]
[BlackElo "1650"]
[PlyCount "75"]
[EventDate "2007.??.??"]

1. e4 e5 2. Nf3 Nc6 3. c3 Nge7 4. d4 exd4 5. Bc4 d5 6. exd5 Nxd5 7. O-O Be7 8.
Nxd4 Nxd4 9. Qxd4 Nf6 10. Qxd8+ Bxd8 11. Re1+ Kf8 12. Bf4 Bf5 13. Nd2 Ne8 14.
Rad1 Bf6 15. Ne4 Bxe4 16. Rxe4 Rd8 17. Rxd8 Bxd8 18. Re1 Bf6 19. Bb5 c6 20. Bd3
g5 21. Bb8 a6 22. Bf5 a5 23. Bc8 b5 24. Bd7 Ng7 25. Bd6+ Kg8 26. Bxc6 b4 27.
cxb4 axb4 28. Bxb4 Bxb2 29. a4 Ne6 30. a5 Bd4 31. a6 Kg7 32. Bb7 Rg8 33. Rd1
Bb6 34. Bc3+ Kg6 35. g4 Rd8 36. Rxd8 Nxd8 37. Be4+ Kh6 38. Ba5 1-0

[Event "TE.2005.S.02003"]
[Site "IECG"]
[Date "2007.12.08"]
[Round "1"]
[White "Rheinstaedtler, Klaus"]
[Black "Balmelle, Jean Luc"]
[Result "1/2-1/2"]
[WhiteElo "2137"]
[BlackElo "1650"]
[PlyCount "79"]
[EventDate "2007.??.??"]

1. e4 e5 2. Nf3 Nc6 3. c3 Nge7 4. d4 exd4 5. Nxd4 Nxd4 6. cxd4 d5 7. Bd3 dxe4
8. Bxe4 Nd5 9. O-O Be7 10. Nc3 Nf6 11. Bf3 O-O 12. Re1 c6 13. d5 cxd5 14. Nxd5
Nxd5 15. Bxd5 Bf6 16. Qb3 Qc7 17. Be3 Bf5 18. Rac1 Qd7 19. Bc5 Rfd8 20. Rcd1
Qc7 21. Bxa7 Bc2 22. Bxf7+ Qxf7 23. Rxd8+ Rxd8 24. Qxc2 Qxa2 25. Bb6 Ra8 26.
Qe4 Bxb2 27. Qxb7 Bc3 28. Rc1 Bf6 29. h3 h6 30. g4 Re8 31. Kg2 Qf7 32. Qxf7+
Kxf7 33. f4 Re7 34. Kf3 Rb7 35. Rc7+ Rxc7 36. Bxc7 Be7 37. f5 Bf6 38. Ke4 Bh4
39. Be5 Be7 40. Bf4 1/2-1/2

[Event "TE.2005.S.02003"]
[Site "IECG"]
[Date "2007.12.08"]
[Round "1"]
[White "Balmelle, Jean Luc"]
[Black "Rheinstaedtler, Klaus"]
[Result "0-1"]
[WhiteElo "1650"]
[BlackElo "2137"]
[PlyCount "36"]
[EventDate "2007.??.??"]

1. e4 e5 2. Nf3 Nc6 3. c3 d5 4. Qa4 Nf6 5. Nxe5 Bd6 6. Nxc6 bxc6 7. d3 O-O 8.
Be2 Re8 9. O-O dxe4 10. dxe4 Rxe4 11. Qd1 Ng4 12. h3 Qe7 13. Nd2 Rxe2 14. hxg4
Bxg4 15. Nc4 Re4 16. Qb3 Bf3 17. Nxd6 Qxd6 18. c4 Rh4 0-1

[Event "TE.2005.S.02001"]
[Site "IECG"]
[Date "2007.12.08"]
[Round "1"]
[White "Wheeler, James"]
[Black "Bertel, Michael"]
[Result "1/2-1/2"]
[WhiteElo "1988"]
[BlackElo "1808"]
[PlyCount "87"]
[EventDate "2007.??.??"]
[SourceTitle "OM Corr 202003"]
[Source "Opening Master"]
[SourceDate "2019.05.30"]
[SourceVersion "2"]
[SourceVersionDate "2019.05.30"]
[SourceQuality "1"]

1. e4 e5 2. Nf3 Nc6 3. c3 d5 4. Bb5 dxe4 5. Nxe5 Qd5 6. Qa4 Nge7 7. f4 Be6 8.
Na3 O-O-O 9. Bc4 Nxe5 10. Bxd5 Nd3+ 11. Kf1 Nxd5 12. Qxa7 Nb6 13. b3 e3 14. Nc4
Nxc1 15. Nxe3 Nd3 16. a4 Nd5 17. f5 Nxe3+ 18. dxe3 Bxb3 19. Qa8+ Kd7 20. Qxb7
Nc5 21. Qf3 Bd6 22. a5 Rhe8 23. h4 c6 24. Qg4 Kc7 25. Rh3 Ne4 26. a6 g6 27.
fxg6 hxg6 28. Rf3 Bd5 29. Kg1 Nxc3 30. Rf2 Rxe3 31. Qd4 Rde8 32. Qa7+ Kd8 33.
Qb6+ Kd7 34. a7 Ne2+ 35. Rxe2 Rxe2 36. a8=Q Rxa8 37. Rxa8 Rxg2+ 38. Kf1 Rg3 39.
Qb7+ Ke6 40. Qc8+ Kf6 41. Qd8+ Be7 42. Qh8+ Kf5 43. Qc8+ Kf6 44. Qh8+ 1/2-1/2

[Event "TE.2005.S.02005"]
[Site "IECG"]
[Date "2007.12.08"]
[Round "1"]
[White "Korchut, Adam"]
[Black "Gomez Galan Arense, Joaquin"]
[Result "1-0"]
[WhiteElo "2157"]
[BlackElo "1898"]
[PlyCount "41"]
[EventDate "2007.12.08"]
[EventType "tourn (corr)"]
[SourceTitle "OM Corr 202003"]
[Source "Opening Master"]
[SourceDate "2019.05.30"]
[SourceVersion "2"]
[SourceVersionDate "2019.05.30"]
[SourceQuality "1"]

1. e4 e5 2. Nf3 Nc6 3. c3 Nf6 4. d4 Nxe4 5. d5 Nb8 6. Nxe5 Qe7 7. Qd4 Nd6 8.
Be2 Nf5 9. Qf4 g6 10. Nd3 d6 11. O-O Bg7 12. Re1 O-O 13. Bg4 Qd8 14. Na3 Na6
15. Qc4 Bd7 16. Bd2 Rb8 17. Nc2 Qh4 18. Re4 Qf6 19. Qb3 b6 20. Rb1 c6 21. Ree1
1-0

[Event "TE.2005.S.02002"]
[Site "IECG"]
[Date "2007.12.08"]
[Round "1"]
[White "Pintor, Manuel"]
[Black "Speisser, Patrick"]
[Result "1/2-1/2"]
[WhiteElo "2233"]
[BlackElo "2083"]
[PlyCount "49"]
[EventDate "2007.12.08"]
[EventType "tourn (corr)"]
[SourceTitle "OM Corr 202003"]
[Source "Opening Master"]
[SourceDate "2019.05.30"]
[SourceVersion "2"]
[SourceVersionDate "2019.05.30"]
[SourceQuality "1"]

1. e4 e5 2. Nf3 Nc6 3. c3 d5 4. Bb5 dxe4 5. Nxe5 Qd5 6. Qa4 Nge7 7. f4 exf3 8.
Nxf3 a6 9. Be2 g6 10. Qb3 Be6 11. Qxd5 Nxd5 12. d4 Bg7 13. Na3 O-O-O 14. c4
Nxd4 15. cxd5 Bxd5 16. Bd1 Nxf3+ 17. gxf3 Rhe8+ 18. Kf2 Re6 19. Nc2 Rb6 20. Ne3
Bxb2 21. Nxd5 Rxd5 22. Bxb2 Rxb2+ 23. Kg3 c5 24. Bb3 Rg5+ 25. Kf4 1/2-1/2

[Event "TE.2005.S.02003"]
[Site "IECG"]
[Date "2007.12.08"]
[Round "1"]
[White "Bukharin, Alexey"]
[Black "Plant, Kevin"]
[Result "1/2-1/2"]
[WhiteElo "1827"]
[BlackElo "1939"]
[PlyCount "59"]
[EventDate "2007.??.??"]
[SourceTitle "OM Corr 202003"]
[Source "Opening Master"]
[SourceDate "2019.05.30"]
[SourceVersion "2"]
[SourceVersionDate "2019.05.30"]
[SourceQuality "1"]

1. e4 e5 2. Nf3 Nc6 3. c3 d5 4. Qa4 f6 5. Bb5 Nge7 6. exd5 Qxd5 7. O-O e4 8. c4
Qd6 9. c5 Qxc5 10. d4 Qd6 11. Nfd2 Bf5 12. Nc4 Qd7 13. Ne3 Be6 14. d5 Nxd5 15.
Rd1 Rd8 16. Nxd5 Bxd5 17. Nc3 a6 18. Rxd5 axb5 19. Nxb5 Bd6 20. Bf4 O-O 21.
Bxd6 cxd6 22. Rxd6 Qe7 23. Qc4+ Kh8 24. Re6 Qd7 25. Rxe4 Rfe8 26. Rxe8+ Qxe8
27. Nc3 h6 28. Qb3 Qe7 29. h3 Rd2 30. Rf1 1/2-1/2

[Event "TE.2005.S.02001"]
[Site "IECG"]
[Date "2007.12.08"]
[Round "1"]
[White "Sadowski, Marek"]
[Black "Wheeler, James"]
[Result "1-0"]
[WhiteElo "2040"]
[BlackElo "1988"]
[PlyCount "45"]
[EventDate "2007.??.??"]
[SourceTitle "OM Corr 202003"]
[Source "Opening Master"]
[SourceDate "2019.05.30"]
[SourceVersion "2"]
[SourceVersionDate "2019.05.30"]
[SourceQuality "1"]

1. e4 e5 2. Nf3 Nc6 3. c3 d5 4. Qa4 f6 5. d3 Bc5 6. b4 dxe4 7. dxe4 Bd6 8. Bc4
Bd7 9. b5 Nce7 10. Qb3 a6 11. bxa6 bxa6 12. O-O Rb8 13. Qc2 a5 14. Rd1 Nc8 15.
a4 Nb6 16. Bb5 Qe7 17. Nbd2 Qf7 18. c4 c6 19. Ba6 Ra8 20. c5 Bxc5 21. Qxc5 Rxa6
22. Rb1 Qe7 23. Nb3 1-0

[Event "TE.2005.S.02002"]
[Site "IECG"]
[Date "2007.12.08"]
[Round "1"]
[White "Pintor, Manuel Abranches"]
[Black "Ottenweller, Wolfgang"]
[Result "1-0"]
[WhiteElo "2233"]
[BlackElo "1768"]
[PlyCount "75"]
[EventDate "2007.12.08"]
[EventType "tourn (corr)"]
[SourceTitle "OM Corr 202003"]
[Source "Opening Master"]
[SourceDate "2019.05.30"]
[SourceVersion "2"]
[SourceVersionDate "2019.05.30"]
[SourceQuality "1"]

1. e4 e5 2. Nf3 Nc6 3. c3 Nf6 4. d4 Nxe4 5. d5 Ne7 6. Nxe5 Ng6 7. Qe2 Qe7 8.
Qxe4 Qxe5 9. Qxe5+ Nxe5 10. Nd2 Bc5 11. Nb3 Bb6 12. a4 a5 13. d6 O-O 14. Bb5 c6
15. Be2 Re8 16. Kf1 Re6 17. f4 Rf6 18. g4 h6 19. h4 Ng6 20. f5 Rxd6 21. fxg6
Rf6+ 22. Ke1 Rxg6 23. g5 d5 24. h5 Re6 25. gxh6 gxh6 26. Nd4 Bxd4 27. cxd4 Bd7
28. Rg1+ Kh8 29. Ra3 Rae8 30. Rg2 b6 31. Bf4 c5 32. Kd2 Bc6 33. Rag3 cxd4 34.
b3 d3 35. Bxd3 d4 36. Rg1 Bd5 37. Bb5 Rd8 38. Bd7 1-0

[Event "TE.2005.S.02001"]
[Site "IECG"]
[Date "2007.12.08"]
[Round "1"]
[White "Pedro, Fernando Pablo"]
[Black "Sadowski, Marek"]
[Result "0-1"]
[WhiteElo "1963"]
[BlackElo "2040"]
[PlyCount "76"]
[EventDate "2007.??.??"]
[SourceTitle "OM Corr 202003"]
[Source "Opening Master"]
[SourceDate "2019.05.30"]
[SourceVersion "2"]
[SourceVersionDate "2019.05.30"]
[SourceQuality "1"]

1. e4 e5 2. Nf3 Nc6 3. c3 d5 4. Qa4 f6 5. d3 Be6 6. Be3 Nh6 7. Bxh6 gxh6 8.
Nbd2 a6 9. Be2 Qd7 10. d4 O-O-O 11. O-O-O Kb8 12. dxe5 fxe5 13. exd5 Bxd5 14.
Rhe1 h5 15. Bc4 Bxf3 16. Nxf3 Bh6+ 17. Kb1 Qg4 18. Bb3 Qxg2 19. Qe4 Bf4 20. Bd5
Rhf8 21. Ka1 Qxf2 22. Bxc6 bxc6 23. Qxc6 Rxd1+ 24. Rxd1 Qe2 25. Rb1 Rd8 26. a3
Rd6 27. Qe8+ Kb7 28. Nd4 Qd3 29. Ne6 Qd5 30. Ng7 h4 31. Nf5 Rf6 32. Ne7 Qe6 33.
Qd8 Rf7 34. Nd5 h3 35. Nb4 Rd7 36. Qf8 a5 37. Nc2 Rd2 38. Ne1 Qc6 0-1

[Event "TE.2005.S.02002"]
[Site "IECG"]
[Date "2007.12.08"]
[Round "1"]
[White "Pintor, Manuel Abranches"]
[Black "Hlavacek, Ladislav"]
[Result "1/2-1/2"]
[WhiteElo "2233"]
[BlackElo "1816"]
[PlyCount "90"]
[EventDate "2007.12.08"]
[EventType "tourn (corr)"]
[SourceTitle "OM Corr 202003"]
[Source "Opening Master"]
[SourceDate "2019.05.30"]
[SourceVersion "2"]
[SourceVersionDate "2019.05.30"]
[SourceQuality "1"]

1. e4 e5 2. Nf3 Nc6 3. c3 Nf6 4. d4 exd4 5. e5 Nd5 6. cxd4 Bb4+ 7. Nbd2 O-O 8.
a3 Bxd2+ 9. Bxd2 d6 10. Qb3 Nb6 11. Be2 Be6 12. Qc2 Bd5 13. Bc3 f6 14. O-O-O
fxe5 15. dxe5 Nxe5 16. Nxe5 dxe5 17. Bd3 Qh4 18. f3 c5 19. Rhe1 Rae8 20. Bb5
Re7 21. Rxe5 Rxe5 22. Bxe5 Bc4 23. Bxc4+ Nxc4 24. g3 Qh6+ 25. Bf4 Qe6 26. Qe4
Qxe4 27. fxe4 h6 28. h4 Nb6 29. b3 Kf7 30. Kb2 Re8 31. Be3 Rc8 32. h5 Ke6 33.
Bf4 Re8 34. a4 Re7 35. Bb8 Rd7 36. Rc1 Rd2+ 37. Ka3 Nd7 38. Bxa7 b6 39. a5 bxa5
40. Bxc5 Nf6 41. Bb6 Nxe4 42. Bxa5 Rd3 43. Bc7 Nxg3 44. Bxg3 Rxg3 45. Ka4 Kd6
1/2-1/2

[Event "TE.2005.S.02001"]
[Site "IECG"]
[Date "2007.12.08"]
[Round "1"]
[White "Pedro, Fernando Pablo"]
[Black "Wheeler, James"]
[Result "1/2-1/2"]
[WhiteElo "1963"]
[BlackElo "1988"]
[PlyCount "37"]
[EventDate "2007.??.??"]
[SourceTitle "OM Corr 202003"]
[Source "Opening Master"]
[SourceDate "2019.05.30"]
[SourceVersion "2"]
[SourceVersionDate "2019.05.30"]
[SourceQuality "1"]

1. e4 e5 2. Nf3 Nc6 3. c3 d5 4. Qa4 f6 5. d3 Bc5 6. Nbd2 Be6 7. d4 exd4 8. Ba6
Bc8 9. cxd4 Bb6 10. exd5 Qxd5 11. Bc4 Qa5 12. Qb3 Nge7 13. O-O Bxd4 14. Re1 Bb6
15. Bg8 Qh5 16. Ne4 Na5 17. Qb4 Nac6 18. Qb3 Na5 19. Qa3 1/2-1/2

[Event "TE.2005.S.02004"]
[Site "IECG"]
[Date "2007.12.08"]
[Round "?"]
[White "Geiger, Walter"]
[Black "Roman, Adrenalyn"]
[Result "1/2-1/2"]
[WhiteElo "2149"]
[BlackElo "1840"]
[PlyCount "58"]
[EventDate "2007.12.08"]
[EventType "tourn (corr)"]
[SourceTitle "OM Corr 202003"]
[Source "Opening Master"]
[SourceDate "2019.05.30"]
[SourceVersion "2"]
[SourceVersionDate "2019.05.30"]
[SourceQuality "1"]

1. e4 e5 2. Nf3 Nc6 3. c3 Nf6 4. d4 Nxe4 5. d5 Ne7 6. Nxe5 Ng6 7. Nxg6 hxg6 8.
Bd3 Nc5 9. O-O Nxd3 10. Qxd3 Be7 11. Re1 O-O 12. Nd2 d6 13. Ne4 Re8 14. Bf4 Bf5
15. Re2 Bg5 16. Bg3 Qd7 17. Rae1 a5 18. f3 Bxe4 19. Rxe4 Rxe4 20. Qxe4 Bf6 21.
Re2 Qb5 22. Kf1 a4 23. c4 Qb6 24. Bf2 Qb4 25. Be1 Qc5 26. Qd3 Kf8 27. f4 Re8
28. Rxe8+ Kxe8 29. Bf2 Qb4 1/2-1/2

[Event "TE.2005.S.02004"]
[Site "IECG"]
[Date "2007.12.08"]
[Round "?"]
[White "Zielinski, Sergej"]
[Black "Roman, Adrenalyn"]
[Result "1/2-1/2"]
[WhiteElo "2242"]
[BlackElo "1840"]
[PlyCount "38"]
[EventDate "2007.12.08"]
[EventType "tourn (corr)"]
[SourceTitle "OM Corr 202003"]
[Source "Opening Master"]
[SourceDate "2019.05.30"]
[SourceVersion "2"]
[SourceVersionDate "2019.05.30"]
[SourceQuality "1"]

1. e4 e5 2. Nf3 Nc6 3. c3 Nf6 4. d4 Nxe4 5. d5 Ne7 6. Nxe5 Ng6 7. Nxg6 hxg6 8.
Qe2 Qe7 9. Bf4 Rh5 10. g4 Rxd5 11. Bg2 Nf6 12. Bxd5 Nxd5 13. Bd2 b6 14. Qxe7+
Bxe7 15. O-O d6 16. f3 Ba6 17. Rc1 Bf6 18. f4 c6 19. g5 Be7 1/2-1/2

[Event "TE.2005.S.02004"]
[Site "IECG"]
[Date "2007.12.08"]
[Round "?"]
[White "Roman, Adrenalyn"]
[Black "Geiger, Walter"]
[Result "1/2-1/2"]
[WhiteElo "1840"]
[BlackElo "2149"]
[PlyCount "59"]
[EventDate "2007.12.08"]
[EventType "tourn (corr)"]
[SourceTitle "OM Corr 202003"]
[Source "Opening Master"]
[SourceDate "2019.05.30"]
[SourceVersion "2"]
[SourceVersionDate "2019.05.30"]
[SourceQuality "1"]

1. e4 e5 2. Nf3 Nc6 3. c3 d5 4. Bb5 dxe4 5. Nxe5 Qd5 6. Qa4 Nge7 7. f4 exf3 8.
Nxf3 a6 9. Be2 g6 10. O-O Bg7 11. d4 O-O 12. Nbd2 Bf5 13. Qd1 Qd8 14. Nb3 b6
15. Re1 a5 16. Bb5 a4 17. Nbd2 a3 18. bxa3 Nxd4 19. cxd4 Bxd4+ 20. Nxd4 Qxd4+
21. Kh1 c6 22. Bf1 Qxa1 23. Rxe7 Rfe8 24. Rxe8+ Rxe8 25. Nf3 Qxa2 26. Qd4 Qd5
27. Qc3 Qc5 28. Qa1 Qe7 29. Qc3 Qc5 30. Qa1 1/2-1/2

[Event "TE.2005.S.02004"]
[Site "IECG"]
[Date "2007.12.08"]
[Round "?"]
[White "Mikhailukov, Ivan"]
[Black "Baer, Werner"]
[Result "1-0"]
[WhiteElo "1925"]
[BlackElo "1939"]
[PlyCount "113"]
[EventDate "2007.12.08"]
[EventType "tourn (corr)"]
[SourceTitle "OM Corr 202003"]
[Source "Opening Master"]
[SourceDate "2019.05.30"]
[SourceVersion "2"]
[SourceVersionDate "2019.05.30"]
[SourceQuality "1"]

1. e4 e5 2. Nf3 Nc6 3. c3 Nf6 4. d4 exd4 5. e5 Nd5 6. Qb3 Nb6 7. cxd4 d5 8. Bb5
Bd7 9. Nc3 Be7 10. a3 Bg4 11. Ne2 O-O 12. h3 Bxf3 13. Qxf3 f6 14. e6 Qd6 15.
O-O Qxe6 16. Bd2 Rfe8 17. Rfe1 a6 18. Bxc6 bxc6 19. b3 Qd7 20. a4 Bd6 21. Ng3
Rxe1+ 22. Rxe1 Bf8 23. Nf5 Kh8 24. Qg4 Qf7 25. Rc1 Qe8 26. Bb4 g6 27. Bxf8 Qxf8
28. Nh4 Qd6 29. Re1 f5 30. Qg5 Rf8 31. Nf3 Nd7 32. Qe7 Kg8 33. Ng5 Nf6 34. Re6
Qxe7 35. Rxe7 Rc8 36. a5 Ne4 37. Ne6 Nc3 38. Rg7+ Kh8 39. Rxc7 Rxc7 40. Nxc7
Ne2+ 41. Kf1 Nxd4 42. b4 c5 43. Nxa6 Nc6 44. Nxc5 Nxb4 45. a6 Nc6 46. Ne6 Na7
47. Ke2 Kg8 48. Nf4 Kf7 49. Kd3 Ke7 50. Nxd5+ Kd6 51. Kd4 Kc6 52. Ke5 Kb5 53.
Kf6 Kxa6 54. Kg7 Kb5 55. Kxh7 Kc4 56. Kxg6 Kxd5 57. Kxf5 1-0

[Event "TE.2005.S.02004"]
[Site "IECG"]
[Date "2007.12.08"]
[Round "?"]
[White "Baer, Werner"]
[Black "Mikhailukov, Ivan"]
[Result "1/2-1/2"]
[WhiteElo "1939"]
[BlackElo "1925"]
[PlyCount "127"]
[EventDate "2007.12.08"]
[EventType "tourn (corr)"]
[SourceTitle "OM Corr 202003"]
[Source "Opening Master"]
[SourceDate "2019.05.30"]
[SourceVersion "2"]
[SourceVersionDate "2019.05.30"]
[SourceQuality "1"]

1. e4 e5 2. Nf3 Nc6 3. c3 d5 4. Qa4 Qd6 5. Bb5 Bd7 6. exd5 Qxd5 7. d3 Be7 8.
O-O Nf6 9. Qb3 Qxb3 10. axb3 Nd8 11. Bxd7+ Nxd7 12. Be3 a6 13. d4 exd4 14. Nxd4
Bf6 15. Rd1 Bxd4 16. cxd4 c6 17. d5 cxd5 18. Nc3 Nf6 19. Bg5 Nd7 20. Nb5 Ne6
21. Nd6+ Kf8 22. Rxd5 Nxg5 23. Nxb7 Ke7 24. Rxg5 Rab8 25. Na5 Kf6 26. Rd5 Nf8
27. Rd3 g6 28. Rc3 Ne6 29. Kf1 Ra8 30. Nc6 Kg7 31. b4 Nc7 32. Ne5 Ra7 33. Ra5
Re8 34. Rc6 Rb8 35. Rc4 Rab7 36. Nd3 Rd8 37. Nc5 Rb6 38. Na4 Rb7 39. g3 Rd1+
40. Ke2 Rd6 41. Nc5 Rbb6 42. h3 h5 43. f4 Nd5 44. Nd3 Ne7 45. g4 hxg4 46. hxg4
Rb8 47. Ra3 Rh8 48. Nf2 Rh2 49. Re3 Nc6 50. Kf1 Rd2 51. Re2 Rd6 52. b3 Nd8 53.
Kg1 Rh8 54. Kg2 Ne6 55. Ra2 Rhd8 56. Ne4 Rd1 57. f5 gxf5 58. gxf5 Nf4+ 59. Kg3
Rf1 60. Rf2 Nh5+ 61. Kg2 Rb1 62. Nc5 Rdd1 63. Rh4 Nf6 64. Kf3 1/2-1/2

[Event "TE.2005.S.02004"]
[Site "IECG"]
[Date "2007.12.08"]
[Round "?"]
[White "Geiger, Walter"]
[Black "Zielinski, Sergej"]
[Result "1/2-1/2"]
[WhiteElo "2149"]
[BlackElo "2242"]
[PlyCount "66"]
[EventDate "2007.12.08"]
[EventType "tourn (corr)"]
[SourceTitle "OM Corr 202003"]
[Source "Opening Master"]
[SourceDate "2019.05.30"]
[SourceVersion "2"]
[SourceVersionDate "2019.05.30"]
[SourceQuality "1"]

1. e4 e5 2. Nf3 Nc6 3. c3 Nf6 4. d4 Nxe4 5. d5 Ne7 6. Nxe5 Ng6 7. Qe2 Qe7 8.
Qxe4 Qxe5 9. Qxe5+ Nxe5 10. Nd2 Bc5 11. Ne4 Bb6 12. f4 Ng4 13. h3 Ne3 14. Bxe3
Bxe3 15. f5 O-O 16. Ke2 Bf4 17. Kf3 Be5 18. Bd3 d6 19. Nf2 c6 20. Ng4 cxd5 21.
Rhe1 Re8 22. Bb5 Rd8 23. Bd3 Re8 24. Bb5 Rd8 25. Bd3 f6 26. Rad1 b5 27. Bc2 Rb8
28. a3 a5 29. Ne3 b4 30. axb4 axb4 31. Nxd5 Bb7 32. Be4 bxc3 33. bxc3 Kf8
1/2-1/2

[Event "TE.2005.S.02004"]
[Site "IECG"]
[Date "2007.12.08"]
[Round "?"]
[White "Roman, Adrenalyn"]
[Black "Zielinski, Sergej"]
[Result "1/2-1/2"]
[WhiteElo "1840"]
[BlackElo "2242"]
[PlyCount "43"]
[EventDate "2007.12.08"]
[EventType "tourn (corr)"]
[SourceTitle "OM Corr 202003"]
[Source "Opening Master"]
[SourceDate "2019.05.30"]
[SourceVersion "2"]
[SourceVersionDate "2019.05.30"]
[SourceQuality "1"]

1. e4 e5 2. Nf3 Nc6 3. c3 Nf6 4. d4 Nxe4 5. d5 Ne7 6. Nxe5 Ng6 7. Qe2 Qe7 8.
Qxe4 Qxe5 9. Qxe5+ Nxe5 10. Nd2 Bc5 11. Ne4 Bb6 12. f4 Ng4 13. h3 Ne3 14. Bxe3
Bxe3 15. f5 d6 16. Bb5+ Ke7 17. Ke2 Bf4 18. Rhf1 Be5 19. Kd2 a6 20. Bd3 f6 21.
Rae1 Bd7 22. Kc2 1/2-1/2

[Event "TE.2005.S.02002"]
[Site "IECG"]
[Date "2007.12.08"]
[Round "?"]
[White "Pott, Brian"]
[Black "Abbey, William"]
[Result "1-0"]
[WhiteElo "1941"]
[BlackElo "1571"]
[PlyCount "151"]
[EventDate "2007.12.08"]
[EventType "tourn (corr)"]
[SourceTitle "OM Corr 202003"]
[Source "Opening Master"]
[SourceDate "2019.05.30"]
[SourceVersion "2"]
[SourceVersionDate "2019.05.30"]
[SourceQuality "1"]

1. e4 e5 2. Nf3 Nc6 3. c3 Nf6 4. d4 Nxe4 5. d5 Ne7 6. Nxe5 Ng6 7. Qf3 Nf6 8.
Nxg6 hxg6 9. Be2 Be7 10. h3 c6 11. c4 cxd5 12. cxd5 Rh5 13. Nc3 Qa5 14. Bd2
Nxd5 15. Qg3 Bh4 16. Qd3 Re5 17. O-O Nb4 18. Qc4 Be7 19. a3 Nc6 20. b4 Qd8 21.
Nd5 Kf8 22. Bc3 b5 23. Qd3 Re6 24. f4 f5 25. g4 Bf6 26. Bxf6 gxf6 27. gxf5 gxf5
28. Bf3 Bb7 29. Kh2 Rb8 30. Rac1 Ne7 31. Nxe7 Kxe7 32. Bxb7 Rxb7 33. Rg1 Qb6
34. Rg7+ Kd8 35. Rg8+ Re8 36. Rxe8+ Kxe8 37. Rc8+ Ke7 38. Qe2+ Kd6 39. Rc2 Rb8
40. Rc5 Rg8 41. Qxb5 Qxb5 42. Rxb5 Ke6 43. Ra5 Rc8 44. Rxa7 Rc2+ 45. Kg3 Rc3+
46. Kg2 Rc2+ 47. Kg1 Rc1+ 48. Kf2 Rc2+ 49. Ke1 Rb2 50. Ra5 Rb3 51. h4 Rf3 52.
h5 Rxf4 53. b5 Rh4 54. b6 Rxh5 55. Rb5 Rh8 56. b7 Rb8 57. a4 Kd6 58. a5 Kc7 59.
a6 Re8+ 60. Kf2 Kb8 61. Rc5 Rd8 62. Rxf5 Rf8 63. Ke3 Re8+ 64. Kd3 Re6 65. Ra5
Ka7 66. Rb5 Re8 67. Rc5 Kxa6 68. Rc8 Kxb7 69. Rxe8 Kc6 70. Rf8 Kd5 71. Rxf6 Ke5
72. Rf1 Kd5 73. Rf5+ Kd6 74. Rh5 Ke7 75. Rh6 Kd8 76. Kd4 1-0

[Event "TE.2005.S.02002"]
[Site "IECG"]
[Date "2007.12.08"]
[Round "?"]
[White "Abbey, William"]
[Black "Ottenweller, Wolfgang"]
[Result "1/2-1/2"]
[WhiteElo "1571"]
[BlackElo "1768"]
[PlyCount "86"]
[EventDate "2007.12.08"]
[EventType "tourn (corr)"]
[SourceTitle "OM Corr 202003"]
[Source "Opening Master"]
[SourceDate "2019.05.30"]
[SourceVersion "2"]
[SourceVersionDate "2019.05.30"]
[SourceQuality "1"]

1. e4 e5 2. Nf3 Nc6 3. c3 Nf6 4. d3 d5 5. Nbd2 Be7 6. Be2 O-O 7. O-O Qd6 8. Re1
Rd8 9. exd5 Nxd5 10. Nc4 Qf6 11. Qb3 Nf4 12. Bxf4 Qxf4 13. Bd1 Bd6 14. Nxd6
cxd6 15. Qa4 Qxa4 16. Bxa4 Bg4 17. Re3 a6 18. Bb3 Bxf3 19. Rxf3 d5 20. Re1 b5
21. Rf5 Rac8 22. f4 g6 23. Rf6 Kg7 24. fxe5 Nxe5 25. Ref1 Rc6 26. Rxc6 Nxc6 27.
d4 Na5 28. g4 Nxb3 29. axb3 Re8 30. Ra1 Re6 31. h4 Re4 32. g5 Rxh4 33. Rxa6
Rg4+ 34. Kh2 Rxg5 35. Rb6 f5 36. Rxb5 f4 37. Rb7+ Kg8 38. Rb8+ Kf7 39. Rb7+ Ke6
40. Rxh7 f3 41. Rh3 Rg2+ 42. Kh1 Rxb2 43. Rxf3 Rxb3 1/2-1/2

[Event "TE.2005.S.02004"]
[Site "IECG"]
[Date "2007.12.08"]
[Round "?"]
[White "Zielinski, Sergej"]
[Black "Geiger, Walter"]
[Result "1/2-1/2"]
[WhiteElo "2242"]
[BlackElo "2149"]
[PlyCount "40"]
[EventDate "2007.12.08"]
[EventType "tourn (corr)"]
[SourceTitle "OM Corr 202003"]
[Source "Opening Master"]
[SourceDate "2019.05.30"]
[SourceVersion "2"]
[SourceVersionDate "2019.05.30"]
[SourceQuality "1"]

1. e4 e5 2. Nf3 Nc6 3. c3 d5 4. Qa4 Bd7 5. exd5 Nd4 6. Qd1 Nxf3+ 7. Qxf3 Nf6 8.
c4 e4 9. Qe3 Bd6 10. c5 Be7 11. Nc3 O-O 12. h3 b6 13. c6 Bf5 14. Bc4 Re8 15.
O-O Bg6 16. a4 Bc5 17. Qf4 Bd6 18. Qe3 Bc5 19. Qf4 Bd6 20. Qe3 Bc5 1/2-1/2